5HLuxD.jpg

KING HENRY VIII SENIOR AND PRIMARY SCHOOL LIBRARY OPAC

Pick-up game : (Record no. 138)

000 -LEADER
fixed length control field 02222nam a2200421Ia 4500
001 - CONTROL NUMBER
control field 811769801
003 - CONTROL NUMBER IDENTIFIER
control field OCoLC
005 - DATE AND TIME OF LATEST TRANSACTION
control field 20190729083536.0
008 - FIXED-LENGTH DATA ELEMENTS--GENERAL INFORMATION
fixed length control field 121003r20122011maua c 000 1 eng d
020 ## - INTERNATIONAL STANDARD BOOK NUMBER
International Standard Book Number 9780763660680 (pbk.)
020 ## - INTERNATIONAL STANDARD BOOK NUMBER
International Standard Book Number 076366068X (pbk.)
035 ## - SYSTEM CONTROL NUMBER
System control number (OCoLC)811769801
040 ## - CATALOGING SOURCE
Original cataloging agency NYP
Transcribing agency NYP
043 ## - GEOGRAPHIC AREA CODE
Geographic area code n-us-ny
049 ## - LOCAL HOLDINGS (OCLC)
Holding library NYPP
082 04 - DEWEY DECIMAL CLASSIFICATION NUMBER
Classification number FIC PIC
Edition number 23
091 ## - MICROFILM SHELF LOCATION (AM) [OBSOLETE]
Microfilm shelf location FIC
245 00 - TITLE STATEMENT
Title Pick-up game :
Remainder of title a full day of full court /
Statement of responsibility, etc. edited by Marc Aronson and Charles R. Smith Jr.
250 ## - EDITION STATEMENT
Edition statement 1st pbk. ed.
260 ## - PUBLICATION, DISTRIBUTION, ETC.
Place of publication, distribution, etc. Somerville, Mass. :
Name of publisher, distributor, etc. Candlewick Press,
Date of publication, distribution, etc. 2012.
300 ## - PHYSICAL DESCRIPTION
Extent 170 p. :
Other physical details ill. ;
Dimensions 21 cm.
500 ## - GENERAL NOTE
General note Originally published in hardcover: Somerville, Mass. : Candlewick Press, 2011.
505 00 - FORMATTED CONTENTS NOTE
Title Step into the arena /
Statement of responsibility Charles R. Smith, Jr. --
Title Cage run /
Statement of responsibility Walter Dean Myers --
Title Next /
Statement of responsibility Charles R. Smith, Jr. --
Title Laws of motion /
Statement of responsibility Bruce Brooks --
Title My boys /
Statement of responsibility Charles R. Smith, Jr. --
Title Mira mira /
Statement of responsibility Willie Perdomo --
Title Wild cats /
Statement of responsibility Charles R. Smith, Jr. --
Title Virgins are lucky /
Statement of responsibility Sharon G. Flake --
Title El profesor /
Statement of responsibility Charles R. Smith, Jr. --
Title Practice don't make perfect /
Statement of responsibility Robert Burleigh --
Title The fire inside /
Statement of responsibility Charles R. Smith, Jr. --
Title He's gotta have it /
Statement of responsibility Rita Williams-Garcia --
Title Back in the day /
Statement of responsibility Charles R. Smith, Jr. --
Title Head game /
Statement of responsibility Joseph Bruchac --
Title 24/7 /
Statement of responsibility Charles R. Smith, Jr. --
Title Just Shane /
Statement of responsibility Adam Rapp --
Title Represent /
Statement of responsibility Charles R. Smith, Jr. --
Title The shoot /
Statement of responsibility Robert Lipsyte --
Title Afterword /
Statement of responsibility Marc Aronson.
520 ## - SUMMARY, ETC.
Summary, etc. A series of short stories by such authors as Walter Dean Myers, Rita Williams-Garcia, and Joseph Bruchac, interspersed with poems and photographs, provides different perspectives on a game of streetball played one steamy July day at the West 4th Street court in New York City known as The Cage.
650 #0 - SUBJECT ADDED ENTRY--TOPICAL TERM
Topical term or geographic name entry element Interpersonal relations
Form subdivision Fiction.
650 #0 - SUBJECT ADDED ENTRY--TOPICAL TERM
Topical term or geographic name entry element African Americans
Form subdivision Fiction.
651 #0 - SUBJECT ADDED ENTRY--GEOGRAPHIC NAME
Geographic name New York (N.Y.)
Form subdivision Fiction.
655 #7 - INDEX TERM--GENRE/FORM
Genre/form data or focus term Basketball stories.
Source of term lcgft.
700 1# - ADDED ENTRY--PERSONAL NAME
Personal name Aronson, Marc.
Relator term Editor
700 1# - ADDED ENTRY--PERSONAL NAME
Personal name Smith, Charles R.,
Dates associated with a name 1969-
Relator term Editor
901 ## - LOCAL DATA ELEMENT A, LDA (RLIN)
a aew
b CATBL
901 ## - LOCAL DATA ELEMENT A, LDA (RLIN)
a MARS
901 ## - LOCAL DATA ELEMENT A, LDA (RLIN)
a kts
b CAT
n 808.831
908 #4 - PUT COMMAND PARAMETER (RLIN)
Put command parameter PZ5
942 ## - ADDED ENTRY ELEMENTS (KOHA)
Source of classification or shelving scheme
Koha item type Books - Fiction
945 ## - LOCAL PROCESSING INFORMATION (OCLC)
a .b196799892
946 ## - LOCAL PROCESSING INFORMATION (OCLC)
a m
Holdings
Withdrawn status Lost status Source of classification or shelving scheme Damaged status Not for loan Collection code Permanent Location Current Location Shelving location Date acquired Total Checkouts Total Renewals Full call number Barcode Date last seen Date last checked out Price effective from Koha item type
          Fiction KH8 Senior School Library KH8 Senior School Library Fiction 2019-07-29 6 1 FIC PIC 3KHSL000101156 2024-10-22 2024-10-15 2019-07-29 Books - Fiction

Powered By KH8 IT Dept